00234nam a2200097Ia 4500008004000000082001600040100001900056245002000075260003300095300000800128210210b1986 xxu||||| |||| 00| 0 eng d a820.33 NARM aNARAYAN (R K). aMalgudi days I. aMadrasbDiocesan Pressc1986 a132